| 000 | 00529nam a2200169 a 4500 | ||
|---|---|---|---|
| 001 | 000021952 | ||
| 005 | 20200930011522.0 | ||
| 008 | 100915s1937 dr 000 0 spa d | ||
| 040 |
_aDO-SdBNP _bspa _cBNPHU |
||
| 082 |
_axxx _bM562p |
||
| 100 | 1 |
_aMeriño, Fernándo A. de _945534 |
|
| 245 | 1 | 0 |
_aPáginas históricas / _cFernándo A. de Meriño. |
| 260 |
_aCiudad Trujillos, República Dominicana : _bJ. R. Vda. García, _c1937. |
||
| 300 |
_a126 p. ; _c24 cm. |
||
| 500 | _aIncluye notas al pie de las páginas | ||
| 049 | _aBNPD | ||
| 999 |
_c21450 _d21450 |
||